000 01187cam a22003377a 4500
003 CHAP
005 20220329141637.0
008 971013s1978 r 00010 d
010 _a71541
011 _a72513
035 _a82068
040 _cCHAP
082 _a595.781
_bD3
100 0 0 _aDavis, Donald R.
_931257
245 1 2 _aA revision of the north american moths of the superfamily Eriocranicidea with the proposal of a new family acathopteroctetidae (Lepidoptera)
260 _aWashington, D.C. :
_bSmithsonian Institution,
_c1978
300 _a131 p.
_b: ilus.
490 0 _aSmithsonian contributions to zoology
_v; 251
590 _aBATCH-UPD
_b10
_c20130110
_lUCH01
_h1831
590 _aBATCH-UPD
_b10
_c20130410
_lUCH01
_h1203
590 _aBATCH-UPD
_b10
_c20130913
_lUCH01
_h1846
590 _aCONVERSION
_b10
_c20130109
_lUCH01
_h1339
650 1 4 _aAcanthopteroctidae.
_9401
650 1 4 _aEntomología sistemática.
_937154
650 1 4 _aEriocraniidae.
_937316
650 1 4 _aPolillas.
_990234
830 0 _aSmithsonian contributions to zoology
_v; 251
_9107173
901 _aBK
942 _cLIBRO
949 _a595.781 D3
_bBC
_cLIBRO
_d33724000368254
_eLIBRO
_h12176
_i82068
_si
999 _c71541
_d71541